| 000 | 00977nam a22003137a 4500 | ||
|---|---|---|---|
| 001 | 0031089 | ||
| 003 | KOHA_MİRAKIL | ||
| 005 | 20260207002750.0 | ||
| 007 | ta | ||
| 008 | 110809b1996 usa|||gr||||#0|||1|eng | | ||
| 020 |
_a0335194788 _q(pb) |
||
| 040 |
_aTR-BiSEU _btur _cTR-BiSEU _erda |
||
| 041 | 0 | _aeng | |
| 044 | _cus | ||
| 050 |
_aPE65 _b.D38 1996 |
||
| 100 | 1 | _aDavies, Chris. | |
| 245 | 1 |
_aWhat is English teaching?/ _cChris Davies ; Chris Davies. |
|
| 264 | 1 |
_aBuckingha : _bOpen University Press _c1996 |
|
| 300 |
_aviii, 159 sayfa : _bres. ; _c23 cm. |
||
| 336 |
_ametin _btxt _2rdacontent |
||
| 337 |
_aaracısız _bn _2rdamedia |
||
| 338 |
_acilt _bnc _2rdacarrier |
||
| 490 | 0 | _aEnglish, language, and education series | |
| 650 | 0 |
_aİngilizce filoloji--Eğitim ve öğretim. _961257 |
|
| 650 | 0 |
_aEnglish philology--Study and teaching. _961258 |
|
| 830 | 0 |
_aEnglish, language, and education series _961259 |
|
| 907 | _aDil | ||
| 942 |
_2lcc _cBK |
||
| 999 |
_c31009 _d31009 |
||